| 000 | 00604nam a22001577a 4500 | ||
|---|---|---|---|
| 005 | 20120614151532.0 | ||
| 020 |
_a0070585350 _c00 |
||
| 035 | _aB-189814 | ||
| 037 |
_aDPL _bENG |
||
| 100 |
_aLele, Ramchandra _949095 |
||
| 245 |
_aComputers in medicine : _bProgress in medical informatics / _cby Ramchandra Lele |
||
| 260 |
_aNew Delhi _bTata McGraw-Hill Publishing Company _c2006 |
||
| 300 |
_axxv, 651p. _c22 cms. |
||
| 942 |
_2ddc _cEN _h362.1 _mLEL |
||
| 999 |
_c67937 _d67937 |
||